000 00671nas a2200229 4500
001 BR8200833
003 BR-BrBNA
005 20231205085027.0
007 ta
008 230509b bl.|||p| |||| 00| 00por d
040 _aBR-BrBNA
_bpor
_cBiblioteca Nacional de Agricultura
041 _a(Pt)
072 _aL00
100 1 _aMatos, L.L. de
245 1 _aNa criacao de bezerros esta um dos fatores importantes da exploracao
650 _aBOVINO
650 _aBEZERRO
650 _aCRIACAO
773 0 _tRevista dos Criadores (Brazil)
_xISSN 0034-9259
_g(Jan 1982), v. 51(624) p. 30-31
_wBR8200833
909 _a202311
_bLúcia
_c55
_dLúcia Elande
942 _2AGRIS
_n0
_cANA
999 _c108760
_d108760